000 00612nam a2200205Ia 4500
008 220216s9999 xx 000 0 und d
100 _aYusof Nurul HayatiKawahara Seiichi
245 0 _aModification of deproteinised natural rubber by graft-copolymerisation of methyl methacrylate
260 _bJournal of Rubber Research
_c2008
300 _a97-110
520 _aDL
650 _aDeproteinisation
650 _aGraft-copolymerisation
650 _aMethyl methacrylate
650 _aSodium dodecyl sulfate (SDS)
650 _aU-DPNR latex
650 _aUrea
700 _aMazam Md Said
942 _cJS
999 _c63100
_d63100